LEADER 01469nam 2200505 450 001 9910162958603321 005 20200520144314.0 010 $a1-118-72381-3 035 $a(CKB)3710000001044888 035 $a(MiAaPQ)EBC4799578 035 $a(DLC) 2016046543 035 $a(JP-MeL)3000046219 035 $a(Au-PeEL)EBL4799578 035 $a(CaPaEBR)ebr11337796 035 $a(CaONFJC)MIL991449 035 $a(OCoLC)960448859 035 $a(EXLCZ)993710000001044888 100 $a20170217h20172017 uy 0 101 0 $aeng 135 $aurcnu|||||||| 181 $2rdacontent 182 $2rdamedia 183 $2rdacarrier 200 00$aMedical education at a glance /$fedited by Judy McKimm, Kirsty Forrest, Jill Thistlethwaite 205 $aFirst edition. 210 1$aHoboken, New Jersey :$cWiley Blackwell,$d2017. 210 4$d©2017 215 $a1 online resource (122 pages) $ccolor illustrations 225 0 $aAt a glance series 311 $a1-118-72388-0 320 $aIncludes bibliographical references and index. 606 $aMedical education 608 $aElectronic books. 615 0$aMedical education. 676 $a610.71 702 $aMcKimm$b Judy 702 $aForrest$b Kirsty 702 $aThistlethwaite$b Jill 801 0$bMiAaPQ 801 1$bMiAaPQ 801 2$bMiAaPQ 906 $aBOOK 912 $a9910162958603321 996 $aMedical education at a glance$92013196 997 $aUNINA LEADER 01170nas 2200409 c 450 001 9910894145303321 005 20260218110206.0 024 7 $aurn:nbn:de:bsz:14-qucosa-102950 024 7 $aurn:nbn:de:bsz:14-db-id3786358751 035 $a(CKB)5280000000198913 035 $a(DE-599)ZDB2735892-6 035 $a(OCoLC)859274417 035 $a(DE-101)1042550182 035 $a(DE-599)2735892-6 035 $a(EXLCZ)995280000000198913 100 $a20131002a20029999 |y | 101 0 $ager 135 $aur||||||||||| 135 $aur||||||||a|| 181 $ctxt$2rdacontent 182 $cc$2rdamedia 183 $acr$2rdacarrier 200 00$aDresdner Universitätsjournal$fHrsg.: Der Rektor der Technischen Universität Dresden 210 31$aDresden$cTU$d2002- 215 $aOnline-Ressource 300 $aGesehen am 10.01.2020 608 $aZeitschrift$2gnd-content 676 $a370 686 $a19,2$2ssgn 712 02$aTechnische Universita?t Dresden$4isb 801 0$b0014 801 1$bDE-101 801 2$b9001 906 $aJOURNAL 912 $a9910894145303321 996 $aDresdner Universita?tsjournal$94249467 997 $aUNINA